000 00322nam a2200121Ia 4500
008 241014s9999||||xx |||||||||||||| ||und||
020 _a9-78019551-6616
100 _aKelehar,Helen
245 0 _aUnderstanding Health: a determinants approach
260 _bOxford University Press
_c2004
300 _a351
942 _bION
_cBK
999 _c18173
_d18173